|
|
|
|
| LEADER |
03697nam a2200757 i 4500 |
| 001 |
nkc20162865274 |
| 003 |
CZ PrNK |
| 005 |
20220517124103.0 |
| 007 |
ta |
| 008 |
170216t20162016xr a f 000 0 cze |
| 015 |
|
|
|a cnb002865274
|
| 020 |
|
|
|a 978-80-87896-37-2
|q (Technické muzeum v Brně ;
|q brožováno)
|
| 035 |
|
|
|a (OCoLC)987026114
|
| 040 |
|
|
|a ABA001
|b cze
|d BOA001
|e rda
|
| 041 |
0 |
|
|a cze
|a eng
|b cze
|b eng
|
| 072 |
|
7 |
|a 7.01/.09
|x Umění
|2 Konspekt
|9 21
|
| 080 |
|
|
|a 7.025.3/.4
|2 MRF
|
| 080 |
|
|
|a 7.025.3
|2 MRF
|
| 080 |
|
|
|a 7.025.4:671/673
|2 MRF
|
| 080 |
|
|
|a (048.8:082)
|2 MRF
|
| 100 |
1 |
|
|a Bárta, Patrick,
|d 1971-
|7 av2014815148
|4 aut
|
| 245 |
1 |
0 |
|a Čištění kovů /
|c autoři: Patrick Bárta, Klára Čechlovská, Georg J. Haber, Maximilian Heimler, Ivan Houska, Jan Josef, Jiří Matoušek, Michal Mazík, Estelle Ottenwelter, Dušan Perlík, Bohumil Planka, Karel Rapouch, Mandy Reimann, Alena Selucká, Philipp Schmidt-Reimann, Pavel Veselý
|
| 250 |
|
|
|a Vydání první
|
| 264 |
|
1 |
|a Brno :
|b Technické muzeum v Brně - Metodické centrum konzervace,
|c [2016]
|
| 264 |
|
4 |
|c ©2016
|
| 300 |
|
|
|a 112 stran :
|b ilustrace (převážně barevné) ;
|c 23 cm
|
| 336 |
|
|
|a text
|b txt
|2 rdacontent
|
| 337 |
|
|
|a bez média
|b n
|2 rdamedia
|
| 338 |
|
|
|a svazek
|b nc
|2 rdacarrier
|
| 500 |
|
|
|a "Vydalo Metodické centrum konzervace - Technické muzeum v Brně ve spolupráci s pracovní skupinou Kovy Komise konzervátorů-restaurátorů AMG a Ateliérem restaurování výtvarných děl sochařských AVU v Praze"--Rub titulní stránky
|
| 504 |
|
|
|a Obsahuje bibliografie
|
| 546 |
|
|
|a Částečně anglický text, česká a anglická resumé
|
| 650 |
0 |
7 |
|a konzervátorství
|7 ph114976
|2 czenas
|
| 650 |
0 |
7 |
|a restaurátorství
|7 ph116044
|2 czenas
|
| 650 |
0 |
7 |
|a čištění kovových povrchů
|7 ph942972
|2 czenas
|
| 650 |
0 |
9 |
|a conservation
|2 eczenas
|
| 650 |
0 |
9 |
|a restoration
|2 eczenas
|
| 650 |
0 |
9 |
|a metal surfaces cleaning
|2 eczenas
|
| 655 |
|
7 |
|a kolektivní monografie
|7 fd501537
|2 czenas
|
| 655 |
|
9 |
|a collective monographs
|2 eczenas
|
| 700 |
1 |
|
|a Palíšková, Klára,
|d 1986-
|7 xx0268865
|4 aut
|
| 700 |
1 |
|
|a Haber, Georg J.
|7 xx0212538
|4 aut
|
| 700 |
1 |
|
|a Heimler, Maximilian
|7 xx0212545
|4 aut
|
| 700 |
1 |
|
|a Houska, Ivan,
|d 1953-
|7 ola364022
|4 aut
|
| 700 |
1 |
|
|a Josef, Jan,
|d 1956-
|7 xx0212541
|4 aut
|
| 700 |
1 |
|
|a Matoušek, Jiří,
|d 1936-
|7 kv2014813545
|4 aut
|
| 700 |
1 |
|
|a Mazík, Michal
|7 jo2014824206
|4 aut
|
| 700 |
1 |
|
|a Ottenwelter, Estelle,
|d 1973-
|7 av2012717589
|4 aut
|
| 700 |
1 |
|
|a Perlík, Dušan,
|d 1973-
|7 xx0212572
|4 aut
|
| 700 |
1 |
|
|a Planka, Bohumil
|7 hka2010564234
|4 aut
|
| 700 |
1 |
|
|a Rapouch, Karel
|7 pna2017949906
|4 aut
|
| 700 |
1 |
|
|a Reimann, Mandy
|7 pna2017949915
|4 aut
|
| 700 |
1 |
|
|a Selucká, Alena
|7 ola2013753545
|4 aut
|
| 700 |
1 |
|
|a Schmidt-Reimann, Philipp,
|d 1977-
|7 xx0212582
|4 aut
|
| 700 |
1 |
|
|a Veselý, Pavel,
|d 1961-
|7 xx0212548
|4 aut
|
| 910 |
2 |
|
|a BOA001
|b 2-1385.862
|
| 928 |
9 |
|
|a Akademie výtvarných umění v Praze, Ateliér restaurování výtvarných děl sochařských
|
| 928 |
9 |
|
|a Asociace muzeí a galerií České republiky, Komise konzervátorů-restaurátorů, pracovní skupina Kovy
|
| 928 |
9 |
|
|a Ateliér restaurování výtvarných děl sochařských AVU v Praze
|
| 928 |
9 |
|
|a Metodické centrum konzervace - Technické muzeum v Brně
|
| 990 |
|
|
|a BK
|
| 995 |
|
|
|a 01
|
| 991 |
|
|
|b 201704
|c NOV
|
| 996 |
6 |
|
|b 2610704582
|c 2-1385.862
|l MZK
|r Sklad / do 1 hodiny
|n 3
|p p.v.
|w 001607094
|u 000010
|a 1
|e BOA001
|j MZK50
|s P
|
| 996 |
7 |
|
|b 2610704583
|c 2-1385.862
|l MZK
|r Sklad / do 1 hodiny
|n 5
|p p.v.
|w 001607094
|u 000020
|a 1
|e BOA001
|j MZK50
|s A
|
| 996 |
7 |
|
|b 2610704584
|c 2-1385.862
|l MZK
|r Sklad / do 1 hodiny
|n 0
|p dar
|w 001607094
|u 000030
|a 1
|e BOA001
|j MZK50
|s A
|